00522nam a2200181Ia 4500003000400000005001700004008004100021020001800062040000600080041001200086082002100098100002600119245012700145250001200272260003400284300001300318440000900331OSt20240925105647.0240126s9999 xx 000 0 und d a9789353387426 c0 aEnglish a344.01 SRI;1 R aSrivastava, Suresh C. 0aIndustrial relations and labour laws : including labour laws on social security, wages and minimum standards of employment a7th ed. bVikas Publishing HouseaNoida alii, 712 aNULL